000 00355nam a22001457a 4500
008 221207b ||||| |||| 00| 0 eng d
020 _a9780323056021
041 _aeng
080 _2SIXTH EDITION
_a159.9
082 _a159.9SKI
100 _a25
101 _aPSI
245 _aREHABILITATION OF THE HAND AND UPPER EXTREMITY
_cSKIRVEN
942 _2udc
_cBK
999 _c59123
_d59123